| 000 | 00440cam a22001457a 4500 | ||
|---|---|---|---|
| 008 | 180718b1960 xxu||||| |||| 00| 0 eng d | ||
| 082 | _aB5x547 Sa99 | ||
| 100 | _aSayad, Khalid Bin | ||
| 245 |
_aPakistan: the formative phase _cby Khalid Bin Sayad |
||
| 260 |
_aKarachi _bPakistan Publishing House _c1960 |
||
| 300 | _axii, 492p | ||
| 650 | _aPakistan --Politics and government. | ||
| 650 | _aPakistan --History | ||
| 650 | _aMuslims --India | ||
| 999 |
_c421953 _d421953 |
||